Welding for engineers (Record no. 25522)

000 -LEADER
fixed length control field 00495nam a22002051 4500
001 - CONTROL NUMBER
control field 25522
003 - CONTROL NUMBER IDENTIFIER
control field BD-DhUET
008 - FIXED-LENGTH DATA ELEMENTS--GENERAL INFORMATION
fixed length control field 750910s1954 xx 000 0 eng
040 ## - CATALOGING SOURCE
Original cataloging agency DLC
Transcribing agency FM
Modifying agency BD-DhUET
082 ## - DEWEY DECIMAL CLASSIFICATION NUMBER
Classification number 671.52
Item number UDI/1954
100 1# - MAIN ENTRY--PERSONAL NAME
Personal name Udin, Harry
245 10 - TITLE STATEMENT
Title Welding for engineers
250 ## - EDITION STATEMENT
Edition statement 1st ed.
260 ## - PUBLICATION, DISTRIBUTION, ETC. (IMPRINT)
Place of publication, distribution, etc. New York
Name of publisher, distributor, etc. John Wiley & sons
Date of publication, distribution, etc. 1954
300 ## - PHYSICAL DESCRIPTION
Extent 430 p
Other physical details illus.
Dimensions 23 cm
650 #0 - SUBJECT ADDED ENTRY--TOPICAL TERM
Topical term or geographic name as entry element Welding
700 ## - ADDED ENTRY--PERSONAL NAME
Personal name Funk, Edward R.
700 ## - ADDED ENTRY--PERSONAL NAME
Personal name Wulff, John
942 ## - ADDED ENTRY ELEMENTS (KOHA)
Koha item type General Book
Holdings
Lost status Location (home branch) Source of classification or shelving scheme Koha full call number Koha date last seen Not for loan Damaged status Withdrawn status Date acquired Piece designation (barcode) Sublocation or collection (holding branch) Price effective from Koha normalized classification for sorting Copy number Shelving location Koha item type
 Central Library, BUET 671.52/UDI/19542015-05-14   2015-05-144337Central Library, BUET2015-05-14671_520000000000000_UDI_19541Circulation sectionGeneral Book
 Central Library, BUET 671.52/UDI/19542015-05-20   2015-05-207711Central Library, BUET2015-05-20671_520000000000000_UDI_19542Circulation sectionGeneral Book